2019 Year End ATP Top 100 - Statistics

General Stats
  • This quiz has been taken 112 times
  • The average score is 60 of 100
Answer Stats
Rank Country Answer % Correct
7 Germany Alexander Zverev
100%
5 Russia Daniil Medvedev
100%
13 Japan Kei Nishikori
100%
2 Serbia Novak Djokovic
100%
1 Spain Rafael Nadal
100%
3 Switzerland Roger Federer
100%
6 Greece Stefanos Tsitsipas
100%
4 Austria Dominic Thiem
98%
10 France Gaël Monfils
98%
20 Bulgaria Grigor Dimitrov
98%
12 Italy Fabio Fognini
95%
8 Italy Matteo Berrettini
95%
16 Switzerland Stan Wawrinka
95%
23 Russia Andrey Rublev
93%
15 Canada Denis Shapovalov
93%
31 Canada Milos Raonic
93%
11 Belgium David Goffin
90%
14 Argentina Diego Schwartzman
90%
39 Croatia Marin Čilić
90%
30 Australia Nick Kyrgios
90%
9 Spain Roberto Bautista Agut
88%
21 Canada Félix Auger-Aliassime
85%
19 USA John Isner
85%
17 Russia Karen Khachanov
85%
32 USA Taylor Fritz
85%
18 Australia Alex de Minaur
83%
28 Croatia Borna Ćorić
80%
29 France Jo-Wilfried Tsonga
80%
42 Great Britain Daniel Evans
78%
27 Spain Pablo Carreño Busta
78%
61 France Richard Gasquet
78%
57 Kazakhstan Alexander Bublik
76%
53 Great Britain Cameron Norrie
76%
47 USA Frances Tiafoe
76%
55 Norway Casper Ruud
73%
37 Poland Hubert Hurkacz
73%
78 Italy Jannik Sinner
73%
91 South Africa Kevin Anderson
73%
43 France Adrian Mannarino
71%
33 Chile Cristian Garín
71%
35 Germany Jan-Lennard Struff
71%
77 Chile Nicolás Jarry
71%
54 France Ugo Humbert
71%
56 France Gilles Simon
68%
34 Serbia Dušan Lajović
66%
70 Hungary Márton Fucsovics
63%
26 Georgia Nikoloz Basilashvili
63%
73 Japan Yoshihito Nishioka
63%
38 Serbia Laslo Djere
61%
52 Italy Lorenzo Sonego
61%
22 France Lucas Pouille
61%
90 USA Tommy Paul
61%
24 France Benoît Paire
59%
45 Uruguay Pablo Cuevas
59%
59 Serbia Miomir Kecmanović
56%
93 Bosnia and Herzegovina Damir Džumhur
54%
40 Serbia Filip Krajinovic
54%
63 Australia Jordan Thompson
54%
49 Spain Fernando Verdasco
51%
60 Portugal João Sousa
51%
99 South Africa Lloyd Harris
51%
46 Moldova Radu Albot
51%
36 USA Reilly Opelka
51%
41 Spain Albert Ramos-Viñolas
49%
87 Spain Alejandro Davidovich Fokina
49%
62 Spain Feliciano López
49%
74 Sweden Mikael Ymer
49%
44 USA Sam Querrey
49%
89 Brazil Thiago Monteiro
49%
69 Great Britain Kyle Edmund
46%
80 Spain Roberto Carballés Baena
46%
25 Argentina Guido Pella
41%
75 Bolivia Hugo Dellien
41%
72 Italy Andreas Seppi
39%
83 France Corentin Moutet
39%
48 Australia John Millman
39%
66 Lithuania Ričardas Berankis
39%
58 Slovenia Aljaž Bedene
37%
76 Argentina Federico Delbonis
37%
67 Kazakhstan Mikhail Kukushkin
37%
65 France Pierre-Hugues Herbert
37%
71 Italy Marco Cecchinato
34%
88 South Korea Soonwoo Kwon
34%
79 Germany Philipp Kohlschreiber
32%
85 USA Steve Johnson
32%
95 Croatia Ivo Karlović
27%
51 France Jérémy Chardy
27%
97 Australia Alexei Popyrin
24%
98 Belarus Egor Gerasimov
24%
64 Spain Pablo Andújar
24%
92 Argentina Leandro Mayer
22%
68 USA Tennys Sandgren
22%
94 Germany Dominik Köpfer
17%
86 Spain Jaume Munar
17%
50 Argentina Juan Ignacio Londero
17%
100 Australia James Duckworth
15%
84 Italy Stefano Travaglia
15%
96 Italy Salvatore Caruso
10%
82 France Gregoire Barrere
7%
81 Japan Yasutaka Uchiyama
7%
No matching quizzes found
Score Distribution
Percent of People with Each Score
Percentile by Number Answered
Your Score History
You have not taken this quiz